• 首页
  • 本馆介绍
  • 公告通知
  • 最新文献
  • 馆藏检索
  • 电子资源
  • 读者导购
  • 参考咨询
  • 我的图书馆
  • 登录
  • 详细信息显示
  • 放入我的书架
  • 预约/预借图书
  • 作者相关作品
  • 分类相关作品
  • 丛书相关作品
  • 出版社相关作品

书目信息

  • 表格格式
  • 工作单格式
  • 卡片格式
题名:
旅游统计学
    
 
作者: 郭为 编著
分册:  
出版信息: 天津   南开大学出版社  2013
页数: 349页
开本: 23cm
丛书名:
单 册:
中图分类: F590-32
科图分类:
主题词: 旅游业--统计学--高等学校--教材 , 旅游业 , 统计学
电子资源:
ISBN: 978-7-310-04089-6
000 00837nam0 2200277 450
001 523
005 20140909094920.26
010    @a978-7-310-04089-6@dCNY35.00
100    @a20130801d2013 em y0chiy50 ea
101 0  @achi
102    @aCN@b120000
105    @ay z 000yy
106    @ar
200 1  @a旅游统计学@ALu^ You Tong Ji Xue@f郭为编著@FGuo Wei Bian Zhu
205    @a2版
210    @a天津@c南开大学出版社@d2013
215    @a349页@d23cm
300    @a高等院校旅游专业系列教材
330    @a全书分为8章,包括:绪论、旅游统计调查与整理、旅游统计的综合指标、旅游动态数列、旅游统计指数等内容。
606 0  @a旅游业@x统计学@x高等学校@j教材
606 0  @a旅游业
606 0  @a统计学
690    @aF590-32@v5
701  0 @a郭为@AGuo Wei@f(1969~)@4编著
801  0 @aCN@bTANGWEI@c20140603
905    @b0839413-15@dF590-32@e418=2@f3
    
    旅游统计学/郭为编著.-2版.-天津:南开大学出版社,2013
    349页;23cm
    高等院校旅游专业系列教材
    
    ISBN 978-7-310-04089-6:CNY35.00
    全书分为8章,包括:绪论、旅游统计调查与整理、旅游统计的综合指标、旅游动态数列、旅游统计指数等内容。
●
相关链接 在E读中查询图书 在五车中查询图书 在当当中查询图书 在豆瓣中查询图书


正题名:旅游统计学     索取号:F590-32/418=2         预约/预借

序号 登录号 条形码 馆藏地/架位号 状态 备注
1 0839413   208394138   第一样本阅览室/ [索取号:F590-32/418=2] 在馆    
2 0839414   208394147   密集书库-海洋学院/ [索取号:F590-32/418=2] 在馆    
3 0839415   208394156   第一借阅区/ [索取号:F590-32/418=2] 在馆    
唐山师范学院图书馆 欢迎您!
大连网信软件有限公司© 版权所有